[Event "Budapest Spring op"]
[Site "Budapest"]
[Date "2019.04.15"]
[Round "7"]
[White "Bodi, Tibor"]
[Black "Skomorokhin, Roman"]
[Result "1-0"]
[WhiteElo "2240"]
[BlackElo "2318"]
[PlyCount "95"]
[EventDate "2019.04.09"]
[EventType "swiss"]
[EventRounds "9"]
[EventCountry "HUN"]
[SourceTitle "CBM 190 Extra"]
[Source "ChessBase"]
[SourceDate "2019.07.15"]
[SourceVersion "1"]
[SourceVersionDate "2019.07.15"]
[SourceQuality "1"]

1. Nf3 Nf6 2. b3 c5 3. Bb2 d6 4. e3 e5 5. Bb5+ Nbd7 6. 0-0 a6 7. Be2 Be7 8. d4 cxd4 9. exd4 e4 10. Nfd2 d5 11. c4 0-0 12. Nc3 Re8 13. Re1 Bb4 14. Nf1 Nf8 15. Ne3 Be6 16. a3 Bxc3 17. Bxc3 Ng6 18. c5 Nd7 19. g3 f5 20. Ng2 f4 21. gxf4 Bh3 22. Bf1 Bxg2 23. Bxg2 Nxf4 24. Bd2 Qg5 25. Bxf4 Qxf4 26. Qc1 Qf6 27. Qe3 Nf8 28. f3 Rad8 29. fxe4 dxe4 30. Rad1 Ne6 31. Qxe4 Nf4 32. Qxe8+ Rxe8 33. Rxe8+ Kf7 34. Re4 g5 35. Rde1 Kg6 36. Re5 Kh5 37. Bxb7 Kh4 38. Bg2 Qg6 39. R5e4 Qf5 40. R1e3 g4 41. Bf1 Qf6 42. b4 h5 43. c6 Qd6 44. a4 Nd5 45. Rh3+ Kg5 46. Re5+ Kf4 47. Rhxh5 Ne3 48. Bg2 1-0

[Event "Budapest Spring op"]
[Site "Budapest"]
[Date "2019.04.10"]
[Round "2"]
[White "Skomorokhin, Roman"]
[Black "Lizak, Peter"]
[Result "1-0"]
[WhiteElo "2318"]
[BlackElo "2472"]
[PlyCount "167"]
[EventDate "2019.04.09"]
[EventType "swiss"]
[EventRounds "9"]
[EventCountry "HUN"]
[SourceTitle "CBM 190 Extra"]
[Source "ChessBase"]
[SourceDate "2019.07.15"]
[SourceVersion "1"]
[SourceVersionDate "2019.07.15"]
[SourceQuality "1"]

1. Nf3 b6 2. d4 Bb7 3. e3 g6 4. b3 Bg7 5. Bb2 Nf6 6. c4 0-0 7. Nc3 d6 8. Qc2 Nbd7 9. Rd1 e6 10. Be2 Qe7 11. 0-0 a6 12. Rfe1 Rac8 13. e4 c5 14. d5 e5 15. Bc1 h6 16. g3 Nh7 17. Bf1 Rb8 18. Bd2 Ng5 19. Nxg5 hxg5 20. g4 Bf6 21. f3 Kg7 22. Be3 Qe8 23. Qd2 Bd8 24. Bd3 Rh8 25. Rb1 Rh3 26. Qg2 Rh4 27. a3 Bc8 28. Re2 Nf6 29. Bf2 b5 30. Reb2 Ba5 31. Ne2 Bd7 32. Be3 Nh7 33. Qf2 b4 34. axb4 Bxb4 35. Ra2 a5 36. Bc2 Qc8 37. Kh1 Qa6 38. Bd3 Rh8 39. Rc1 Qc8 40. Ng3 Qd8 41. Rf1 Bc3 42. Ne2 Bb4 43. Ng3 Qf6 44. Qc2 Rh3 45. Kg1 Kg8 46. Qc1 Qg7 47. Rff2 Qh6 48. Rg2 f6 49. Bd2 Nf8 50. Bxb4 axb4 51. Qd2 Kf7 52. Qf2 Ke7 53. Ra7 Qh4 54. Bf1 Rh7 55. Ne2 Kd8 56. Ra6 Kc7 57. Nc1 Qxf2+ 58. Rxf2 R3h4 59. Rfa2 f5 60. h3 fxg4 61. fxg4 Rf7 62. Bg2 Rhh7 63. Nd3 Rhg7 64. Ra7+ Kd8 65. R2a6 Ke7 66. Rb6 Nh7 67. Raa6 Bc8 68. Ra7+ Bd7 69. Raa6 Bc8 70. Rxd6 Bxa6 71. Rxa6 Rf6 72. Ra7+ Kf8 73. Ra8+ Ke7 74. Nxe5 Rd6 75. Nc6+ Rxc6 76. Ra7+ Kd8 77. Rxg7 Rc7 78. Rxg6 Ra7 79. Rg8+ Kc7 80. Rg7+ Kb6 81. Rxa7 Kxa7 82. e5 Kb6 83. Be4 Nf8 84. e6 1-0

[Event "Budapest Spring op"]
[Site "Budapest"]
[Date "2018.04.22"]
[Round "5"]
[White "Gyurkovics, Bence"]
[Black "Skomorokhin, Roman"]
[Result "1/2-1/2"]
[WhiteElo "2286"]
[BlackElo "2387"]
[PlyCount "45"]
[EventDate "2018.04.18"]
[EventType "swiss"]
[EventRounds "9"]
[EventCountry "HUN"]
[SourceTitle "CBM 184 Extra"]
[Source "ChessBase"]
[SourceDate "2018.06.28"]
[SourceVersion "1"]
[SourceVersionDate "2018.06.28"]
[SourceQuality "1"]

1. d4 Nf6 2. c4 e6 3. Nf3 Bb4+ 4. Bd2 a5 5. g3 0-0 6. Nc3 d6 7. Bg2 Nbd7 8. 0-0 Qe7 9. Qc2 Bxc3 10. Bxc3 e5 11. e4 Re8 12. d5 c6 13. Rfc1 Rf8 14. Ne1 g6 15. Nd3 cxd5 16. cxd5 b6 17. Bd2 Ba6 18. Bg5 Rfc8 19. Qd2 Kg7 20. Bh6+ Kg8 21. Bg5 Kg7 22. Bh6+ Kg8 23. Bg5 1/2-1/2

[Event "Budapest Spring op"]
[Site "Budapest"]
[Date "2018.04.20"]
[Round "3"]
[White "Golubka, Petr"]
[Black "Skomorokhin, Roman"]
[Result "1/2-1/2"]
[WhiteElo "2509"]
[BlackElo "2387"]
[PlyCount "49"]
[EventDate "2018.04.18"]
[EventType "swiss"]
[EventRounds "9"]
[EventCountry "HUN"]
[SourceTitle "CBM 184 Extra"]
[Source "ChessBase"]
[SourceDate "2018.06.28"]
[SourceVersion "1"]
[SourceVersionDate "2018.06.28"]
[SourceQuality "1"]

1. d4 Nf6 2. Nf3 d5 3. c4 dxc4 4. e3 Bg4 5. Bxc4 e6 6. h3 Bh5 7. Qb3 Bxf3 8. gxf3 b6 9. Nc3 c6 10. Bd2 b5 11. Be2 Nbd7 12. Rc1 a6 13. a4 Be7 14. Ne4 Rc8 15. axb5 axb5 16. Nxf6+ Nxf6 17. f4 0-0 18. Bf3 Qd6 19. Ke2 Nd5 20. Rc2 Ra8 21. Rhc1 Ra6 22. Rc5 Qd7 23. R5c2 Qd6 24. Rc5 Qd7 25. R5c2 1/2-1/2

[Event "Vaujany op-A 8th"]
[Site "Vaujany"]
[Date "2017.07.21"]
[Round "9"]
[White "Godart, Francois"]
[Black "Skomorokhin, Roman"]
[Result "1/2-1/2"]
[WhiteElo "2411"]
[BlackElo "2390"]
[PlyCount "127"]
[EventDate "2017.07.13"]
[EventType "swiss"]
[EventRounds "9"]
[EventCountry "FRA"]
[SourceTitle "EXT 2018"]
[Source "ChessBase"]
[SourceDate "2017.10.13"]
[SourceVersion "1"]
[SourceVersionDate "2017.10.13"]
[SourceQuality "1"]

1. d4 Nf6 2. Nf3 e6 3. e3 b6 4. Bd3 Bb7 5. 0-0 d5 6. b3 Bd6 7. Bb2 0-0 8. Nbd2 c5 9. Ne5 Nc6 10. a3 cxd4 11. exd4 Ne7 12. Qe2 Ng6 13. f4 Rc8 14. Rf3 Qc7 15. c3 Rfd8 16. Raf1 Qe7 17. a4 Nf8 18. f5 exf5 19. Rxf5 Rc7 20. c4 Bc8 21. R5f2 Be6 22. cxd5 Bxd5 23. Ndc4 Ng6 24. Ne3 Be6 25. Nf5 Bxf5 26. Rxf5 Bxe5 27. dxe5 Nd5 28. Kh1 Nf8 29. Bc4 Ne6 30. Qf3 g6 31. Qg3 Ne3 32. Rxf7 Qxf7 33. Qxe3 Rxc4 34. Rxf7 Rd1+ 35. Qg1 Rxg1+ 36. Kxg1 Kxf7 37. bxc4 Nc5 38. Bd4 Nxa4 39. Kf2 Ke6 40. Ke3 Nc5 41. Kf4 Nd7 42. h4 h6 43. g4 Nb8 44. Ke4 Nc6 45. Bc3 a6 46. Bd2 Nxe5 47. Bxh6 Nxg4 48. Bg7 Nf6+ 49. Kd4 Ne8 50. Bh6 Nd6 51. Bg5 Nb7 52. Bf4 b5 53. cxb5 axb5 54. Bc7 Kf5 55. Kd5 b4 56. Kc4 Nc5 57. Bd8 b3 58. Kc3 Kg4 59. Be7 Ne4+ 60. Kxb3 Nd2+ 61. Kc2 Nf3 62. Kd3 Nxh4 63. Ke2 Nf5 64. Bd8 1/2-1/2

[Event "Vaujany op-A 8th"]
[Site "Vaujany"]
[Date "2017.07.16"]
[Round "4.4"]
[White "Skomorokhin, Roman"]
[Black "Horvath, Jozsef"]
[Result "0-1"]
[WhiteElo "2390"]
[BlackElo "2541"]
[PlyCount "66"]
[EventDate "2017.07.13"]
[EventType "swiss"]
[EventRounds "9"]
[EventCountry "FRA"]
[SourceTitle "EXT 2020"]
[Source "ChessBase"]
[SourceDate "2019.10.17"]
[SourceVersion "1"]
[SourceVersionDate "2019.10.17"]
[SourceQuality "1"]

1. d4 Nf6 2. Nf3 g6 3. c4 Bg7 4. g3 d5 5. cxd5 Nxd5 6. Bg2 Nb6 7. Nc3 Nc6 8. e3 0-0 9. 0-0 Re8 10. Re1 a5 11. h3 a4 12. Rb1 Bd7 13. e4 e5 14. Bg5 Qc8 15. d5 Nd4 16. Kh2 c5 17. dxc6 Bxc6 18. Qd2 Qd7 19. Rbd1 f5 20. Qc1 Qf7 21. Be3 Rad8 22. Ng5 Qc4 23. Nd5 Qxc1 24. Rxc1 Nxd5 25. exd5 Bxd5 26. Bxd4 Bxg2 27. Bb6 Bc6 28. Bxd8 Rxd8 29. Red1 Re8 30. Rd6 e4 31. b3 axb3 32. axb3 Bf8 33. Rd2 h6 0-1

[Event "Balagna rapid op 14th"]
[Site "Balagna"]
[Date "2017.05.07"]
[Round "8"]
[White "Podvin, Antoine"]
[Black "Skomorokhin, Roman"]
[Result "0-1"]
[WhiteElo "2048"]
[BlackElo "2396"]
[PlyCount "50"]
[EventDate "2017.05.06"]
[EventType "swiss (rapid)"]
[EventRounds "9"]
[EventCountry "FRA"]
[SourceTitle "CBM 178 Extra"]
[Source "ChessBase"]
[SourceDate "2017.06.22"]
[SourceVersion "1"]
[SourceVersionDate "2017.06.22"]
[SourceQuality "1"]

1. d4 d5 2. c4 dxc4 3. e4 Nc6 4. Be3 e5 5. d5 Nce7 6. Bxc4 Ng6 7. Nc3 a6 8. a4 Bd6 9. Nge2 Nf6 10. 0-0 Ng4 11. Bd2 Qh4 12. h3 Nf6 13. Qc1 h6 14. f4 Bxh3 15. gxh3 Qxh3 16. Rf2 Ng4 17. Nd1 Nh4 18. Ra3 Bxa3 19. bxa3 Nxf2 20. Ne3 Nxe4 21. Qf1 Nf3+ 22. Qxf3 Qxf3 23. Bc1 exf4 24. Ng2 Qf2+ 25. Kh2 f3 0-1

[Event "HUN-chT2 Erkel 1617"]
[Site "Hungary"]
[Date "2016.11.13"]
[Round "4.1"]
[White "Horvath, Gabor"]
[Black "Skomorokhin, Roman"]
[Result "1/2-1/2"]
[WhiteElo "2163"]
[BlackElo "2399"]
[PlyCount "107"]
[EventDate "2016.09.25"]
[EventType "team-tourn"]
[EventRounds "11"]
[EventCountry "HUN"]
[SourceTitle "EXT 2021"]
[Source "ChessBase"]
[SourceDate "2020.10.23"]
[SourceVersion "1"]
[SourceVersionDate "2020.10.23"]
[SourceQuality "1"]
[WhiteTeam "Budapest MAFC"]
[BlackTeam "Fot"]
[WhiteTeamCountry "HUN"]
[BlackTeamCountry "HUN"]

1. e4 d5 2. exd5 Qxd5 3. Nc3 Qd6 4. d4 Nf6 5. g3 Bg4 6. f3 Bh5 7. Bg2 e5 8. dxe5 Qxe5+ 9. Qe2 Qxe2+ 10. Ngxe2 Bg6 11. Bg5 Nbd7 12. 0-0-0 Be7 13. Rhe1 h6 14. Bf4 c6 15. Bh3 Nb6 16. Nd4 Kf8 17. Bf5 Bb4 18. Bxg6 fxg6 19. Re3 g5 20. Bc7 Kf7 21. Bxb6 axb6 22. a3 Bc5 23. Red3 Rhe8 24. Nf5 Re5 25. Nd6+ Bxd6 26. Rxd6 Rae8 27. R6d3 b5 28. Rd4 Re3 29. f4 g4 30. Rd6 Rf3 31. R6d2 h5 32. Ne2 Rf2 33. Nc3 Rxd2 34. Rxd2 h4 35. Rd4 hxg3 36. hxg3 Re1+ 37. Kd2 Rg1 38. Ne2 Rb1 39. b3 Nd5 40. a4 b4 41. Nc1 Kf6 42. Nd3 Rg1 43. Nxb4 Rg2+ 44. Ke1 Ne3 45. Rd7 Rxg3 46. Nd3 Nxc2+ 47. Kf2 Rf3+ 48. Ke2 Rh3 49. Ne5 Rh2+ 50. Kd3 Ne1+ 51. Ke3 Nc2+ 52. Kd3 Ne1+ 53. Ke3 Nc2+ 54. Kd3 1/2-1/2

[Event "Corsica Masters op 20th"]
[Site "Bastia"]
[Date "2016.10.25"]
[Round "6"]
[White "Skomorokhin, Roman"]
[Black "Onischuk, Vladimir"]
[Result "1/2-1/2"]
[WhiteElo "2399"]
[BlackElo "2602"]
[PlyCount "66"]
[EventDate "2016.10.22"]
[EventType "swiss"]
[EventRounds "9"]
[EventCountry "FRA"]
[SourceTitle "EXT 2018"]
[Source "ChessBase"]
[SourceDate "2017.10.13"]
[SourceVersion "1"]
[SourceVersionDate "2017.10.13"]
[SourceQuality "1"]

1. d4 d6 2. Nf3 g6 3. c4 Bg7 4. Nc3 Nc6 5. d5 Ne5 6. Nxe5 Bxe5 7. e4 Nf6 8. Be2 c6 9. 0-0 Qb6 10. Qc2 cxd5 11. cxd5 Bd7 12. Be3 Bd4 13. Na4 Qb4 14. a3 Qxa4 15. Qxa4 Bxa4 16. Bxd4 0-0 17. f3 Rfc8 18. Rac1 Nd7 19. Kf2 Nc5 20. Ke3 Nb3 21. Rxc8+ Rxc8 22. Bc3 a6 23. g4 f6 24. h4 Bb5 25. Bxb5 axb5 26. Rg1 Rc4 27. g5 Kf7 28. h5 gxh5 29. gxf6 exf6 30. Rh1 Kg6 31. Rg1+ Kf7 32. Rh1 Kg6 33. Rg1+ Kf7 1/2-1/2

[Event "Vaujany op-A 7th"]
[Site "Vaujany"]
[Date "2016.07.24"]
[Round "9"]
[White "Skomorokhin, Roman"]
[Black "Bandet, Raphael"]
[Result "1-0"]
[WhiteElo "2396"]
[BlackElo "2156"]
[PlyCount "45"]
[EventDate "2016.07.16"]
[EventType "swiss"]
[EventRounds "9"]
[EventCountry "FRA"]
[SourceTitle "EXT 2019"]
[Source "ChessBase"]
[SourceDate "2018.10.10"]
[SourceVersion "1"]
[SourceVersionDate "2018.10.10"]
[SourceQuality "1"]

1. d4 Nf6 2. c4 g6 3. Nf3 Bg7 4. g3 0-0 5. Bg2 d6 6. 0-0 Nbd7 7. Qc2 e5 8. Rd1 Re8 9. Nc3 c6 10. e4 Qc7 11. h3 b5 12. c5 dxc5 13. dxe5 Nxe5 14. Nxe5 Qxe5 15. Bf4 Qh5 16. e5 Nd5 17. Nxd5 cxd5 18. Rxd5 Bxh3 19. e6 Bf5 20. exf7+ Kxf7 21. Qb3 Be6 22. Rxh5 Bxb3 23. Rxh7 1-0

[Event "Vaujany op-A 7th"]
[Site "Vaujany"]
[Date "2016.07.17"]
[Round "2"]
[White "Skomorokhin, Roman"]
[Black "Jognery, Lionel"]
[Result "1-0"]
[WhiteElo "2396"]
[BlackElo "1960"]
[PlyCount "75"]
[EventDate "2016.07.16"]
[EventType "swiss"]
[EventRounds "9"]
[EventCountry "FRA"]
[SourceTitle "EXT 2019"]
[Source "ChessBase"]
[SourceDate "2018.10.10"]
[SourceVersion "1"]
[SourceVersionDate "2018.10.10"]
[SourceQuality "1"]

1. d4 d5 2. c4 e6 3. Nc3 Nf6 4. cxd5 exd5 5. Bg5 c6 6. e3 Bf5 7. Qf3 Bg6 8. Bxf6 Qxf6 9. Qxf6 gxf6 10. Nge2 Bd6 11. Ng3 Nd7 12. Rc1 h5 13. h4 Bxg3 14. fxg3 Ke7 15. Be2 Bf5 16. 0-0 Be6 17. Kh2 Rag8 18. b4 Bg4 19. Bd3 Rg7 20. b5 Rhg8 21. bxc6 bxc6 22. e4 Be6 23. exd5 cxd5 24. Ne2 Kd6 25. Bb5 Rb8 26. Rc6+ Ke7 27. a4 Rb6 28. Nf4 a6 29. Rxb6 Nxb6 30. Bxa6 Nxa4 31. Rc1 Rg4 32. Bb5 Nb6 33. Rc7+ Kd8 34. Rc6 Nc4 35. Bxc4 dxc4 36. d5 Bc8 37. Rxc4 Bb7 38. d6 1-0

[Event "San Sebastian op 39th"]
[Site "San Sebastian"]
[Date "2016.03.20"]
[Round "2"]
[White "Skomorokhin, Roman"]
[Black "Idiazabal Troyas, Aritz"]
[Result "1-0"]
[WhiteElo "2410"]
[BlackElo "1993"]
[PlyCount "47"]
[EventDate "2016.03.19"]
[EventType "swiss"]
[EventRounds "9"]
[EventCountry "ESP"]
[SourceTitle "CBM 171 Extra"]
[Source "ChessBase"]
[SourceDate "2016.04.26"]
[SourceVersion "1"]
[SourceVersionDate "2016.04.26"]
[SourceQuality "1"]

1. d4 c5 2. e3 e6 3. Nf3 Nf6 4. Bd3 Qc7 5. 0-0 b6 6. Nbd2 Bb7 7. c3 Be7 8. e4 d6 9. e5 Ng4 10. h3 h5 11. Qe2 Nd7 12. Re1 cxd4 13. cxd4 dxe5 14. hxg4 hxg4 15. Nxe5 Nxe5 16. dxe5 f5 17. Nc4 Rd8 18. Bf4 Bxg2 19. Nd6+ Rxd6 20. exd6 Qc6 21. Bh2 g3 22. fxg3 Bxd6 23. Qxg2 Qc5+ 24. Kh1 1-0

[Event "RUS-chT blitz"]
[Site "Sochi"]
[Date "2015.05.10"]
[Round "2.29"]
[White "Iljin, Artem"]
[Black "Skomorokhin, Roman"]
[Result "1-0"]
[WhiteElo "2537"]
[BlackElo "2381"]
[PlyCount "51"]
[EventDate "2015.05.10"]
[EventType "team-swiss (blitz)"]
[EventRounds "11"]
[EventCountry "RUS"]
[SourceTitle "CBM 166 Extra"]
[Source "ChessBase"]
[SourceDate "2015.06.18"]
[SourceVersion "1"]
[SourceVersionDate "2015.06.18"]
[SourceQuality "1"]
[WhiteTeam "Kazan Ladya II"]
[BlackTeam "Kstovo Volga"]
[WhiteTeamCountry "RUS"]
[BlackTeamCountry "RUS"]

1. Nf3 Nf6 2. c4 b6 3. g3 c5 4. Bg2 Bb7 5. 0-0 g6 6. Nc3 Bg7 7. d4 cxd4 8. Qxd4 Nc6 9. Qf4 Rc8 10. Rb1 0-0 11. b3 a6 12. Rd1 d6 13. Qh4 Re8 14. Bh6 Bh8 15. Ng5 Qc7 16. Rbc1 Ne5 17. Bxb7 Qxb7 18. Nge4 b5 19. cxb5 axb5 20. Bg5 b4 21. Bxf6 bxc3 22. Bxh8 c2 23. Rd2 Kxh8 24. Rdxc2 Qb4 25. Rxc8 Rxc8 26. Rxc8+ 1-0

[Event "RUS-chT blitz"]
[Site "Sochi"]
[Date "2015.05.10"]
[Round "1.25"]
[White "Skomorokhin, Roman"]
[Black "Sjugirov, Sanan"]
[Result "0-1"]
[WhiteElo "2381"]
[BlackElo "2670"]
[PlyCount "76"]
[EventDate "2015.05.10"]
[EventType "team-swiss (blitz)"]
[EventRounds "11"]
[EventCountry "RUS"]
[SourceTitle "CBM 166 Extra"]
[Source "ChessBase"]
[SourceDate "2015.06.18"]
[SourceVersion "1"]
[SourceVersionDate "2015.06.18"]
[SourceQuality "1"]
[WhiteTeam "Kstovo Volga"]
[BlackTeam "Samara Ladya"]
[WhiteTeamCountry "RUS"]
[BlackTeamCountry "RUS"]

1. d4 Nf6 2. c4 e6 3. Nf3 d5 4. e3 Be7 5. Nc3 0-0 6. a3 b6 7. cxd5 exd5 8. Bd3 Bb7 9. 0-0 Nbd7 10. b3 Ne4 11. Ne2 Bd6 12. Bb2 Qe7 13. Ng3 f5 14. Re1 a6 15. b4 g6 16. Qc2 h5 17. Nf1 Rae8 18. Rac1 Rf7 19. N3d2 Ndf6 20. f4 Nxd2 21. Qxd2 h4 22. h3 Ne4 23. Qe2 g5 24. fxg5 Qxg5 25. Bxa6 Bxa6 26. Qxa6 f4 27. Qb5 Ref8 28. exf4 Bxf4 29. Rc6 Bg3 30. Rd1 Bf2+ 31. Kh2 Qf4+ 32. Kh1 Be3 33. Qxd5 Nf2+ 34. Kg1 Nxh3+ 35. Kh1 Nf2+ 36. Kg1 Nxd1+ 37. Kh1 Nf2+ 38. Kg1 Ng4+ 0-1